San Francisco Locations - Sudden Death - Statistics

General Stats
  • This quiz has been taken 127 times
  • The average score is 9 of 16
Answers on the Grid
Answers color-coded by a green-red scale on the quiz's grid according to % correct below.
Alcatraz
Biltmore Hotel
Bourbon Street
Candlestick Point
Cape Canaveral
Chase Center
Coney Island
Crissy Field
Epcot
Fisherman's Wharf
Garden of the Gods
Golden Gate Bridge
Haight-Ashbury
Lake Merced
Legion of Honor
Lincoln Memorial
Lombard Street
Mariposa Grove
Mission District
Mount Rushmore
Old Faithful
Oracle Park
Orpheum Theatre
RMS Queen Mary
Rock & Roll Hall of Fame
The Embarcadero
The Pentagon
The Presidio
Union Square
Venice Beach Boardwalk
Yale University
Yorktown Battlefield
 
Answer Stats
Answer % Correct
Alcatraz
84%
Fisherman's Wharf
84%
Golden Gate Bridge
84%
Lombard Street
67%
The Presidio
63%
Mission District
62%
Haight-Ashbury
58%
Oracle Park
58%
Candlestick Point
57%
The Embarcadero
57%
Union Square
57%
Chase Center
44%
Legion of Honor
27%
Orpheum Theatre
26%
Crissy Field
22%
Lake Merced
22%
No matching quizzes found
Score Distribution
Percent of People with Each Score
Percentile by Number Answered
Your Score History
You have not taken this quiz